Normal view MARC view
  • Salgado, Dante,

Entry Nombre Personal

Number of records used in: 1

001 - NUMERO DE CONTROL

  • campo de control: 46007

003 - IDENTIFICADOR DE NUMERO DE CONTROL

  • campo de control: DLC

005 - FECHA Y HORA DE LA ÜLTIMA TRANSACCIÓN

  • campo de control: 20220901105432.0

008 - DATOS DE LONGITUD FIJA

  • campo de control de longitud fija: 220901n| azannaabn |a aaa c

010 ## - NÚMERO DE CONTROL DE LA BIBLIOTECA DEL CONGRESO

  • Número de control LC: n 91056882

035 ## - NUMERO DE CONTROL

  • Número de control: (OCoLC)oca02967152

040 ## - FUENTE DE CATALOGACIÓN

  • Agencia original de catalogación: TxU
  • Lenguaje de catalogación: spa
  • Description conventions: rda
  • Agencia de transcripción: TxU
  • Agencia que lo modifica: OCoLC
  • Agencia que lo modifica: ICU
  • Agencia que lo modifica: MX-MxUPN

046 ## - FECHAS CON CODIFICACIÓN ESPECIAL

  • Fecha de nacimiento: 1966

053 #0 - NÚMERO DE CLASIFICACIÓN LC

  • Número de clasificación elemento-número único o número inicial de tramo: PQ7298.29.A368

100 1# - ENCABEZAMIENTO - NOMBRE PERSONAL

  • Nombre personal: Salgado, Dante,
  • Fechas asociadas con el nombre: 1966-

372 ## - CAMPO DE ACTIVIDAD

  • Field of activity: Docencia

373 ## - GRUPO ASOCIADO

  • Associated group: Universidad Autónoma de Baja California Sur

400 1# - VEÁSE - NOMBRE DE PERSONA

  • Personal name: Salgado González, Dante Arturo,
  • Dates associated with a name: 1966-

400 1# - VEÁSE - NOMBRE DE PERSONA

  • Personal name: González, Dante Arturo Salgado,
  • Dates associated with a name: 1966-

670 ## - FUENTE EN LA QUE SE LOCALIZARON DATOS

  • Cita de la fuente: En su obra Mar de lejos, 1990:
  • Información localizada: portada (Dante Salgado) p. 4 de la cubierta (Dante Arturo Salgado González; nació 1966 en La Paz, B.C.S. [Mexico]; licenciado en derecho)

670 ## - FUENTE EN LA QUE SE LOCALIZARON DATOS

  • Cita de la fuente: Ensayística de Octavio Paz, 2004:
  • Información localizada: portada (Dante Salgado) solapa delantera (Dante Salgado es profesor de literatura mexicana en la Universidad Autónoma de Baja California Sur desde 1993)

902 ## - CATALOGADOR

  • Catalogador: VAGG/010922